[Event "2017 Standard Chess Dropout Tournament, Round 2"]
[Site "SchemingMind.com"]
[Date "2017.05.06"]
[Round "2"]
[White "Clive Everill"]
[Black "simon_w"]
[Result "0-1"]
[WhiteCountry "CZE"]
[BlackCountry "IRL"]
[WhiteElo "1724"]
[WhiteRD "61"]
[BlackElo "1895"]
[BlackRD "103"]
[GameID "413499"]

1. e4 c5 2. f4 d5 3. Nc3 dxe4 4. Nxe4 e6 5. Nf3 Nc6 6. g3 Nf6 7. Nxf6+ gxf6 8. Bg2 Bd6 9. b3 Bc7 10. O-O Qd7
11. Bb2 e5 12. fxe5 fxe5 13. Re1 f6 14. d4 cxd4 15. Nxd4 Bb6 16. Qh5+ Qf7 17. Bxc6+ Kf8 18. Qxf7+ Kxf7 19. Bd5+ Kg6 20. c3 exd4
21. cxd4 Rd8 22. Be4+ f5 23. Bg2 Rxd4 24. Kh1 Rd8 25. Re7 Bd7 26. Bxb7 Rab8 27. Bg2 Bb5 28. Be5 Rbc8 29. a4 Bd3 30. a5 Bc5
31. Rg7+ Kh6 32. Bb7 Re8 33. Bb2 Re2 34. Bf6 Be3 35. Ra4 Rc1#
0-1

[Event "2017 Standard Chess Dropout Tournament, Round 2"]
[Site "SchemingMind.com"]
[Date "2017.05.01"]
[Round "2"]
[White "Marc Wakeham"]
[Black "NYNH"]
[Result "0-1"]
[WhiteCountry "WLS"]
[BlackCountry "USA"]
[WhiteElo "1602"]
[WhiteRD "82"]
[BlackElo "2019"]
[BlackRD "100"]
[GameID "413500"]

1. e4 c5 2. c3 d5 3. exd5 Qxd5 4. Qf3 Nf6 5. Qxd5 Nxd5 6. Nf3 Nc6 7. Bb5 Bd7 8. O-O e6 9. Bxc6 Bxc6 10. d4 Bd6
11. dxc5 Bxc5 12. Nbd2 Nf4 13. b4 Bb6 14. a4 O-O 15. a5 Bc7 16. Re1 Nd3 17. Re3 Nxc1 18. Rxc1 Rfd8 19. Ree1 Bf4 20. Rcd1 Rac8
21. Re2 Bb5 22. Ree1 Rxc3 23. Ne4 Rcc8 24. Nc5 b6 25. axb6 axb6 26. Rxd8+ Rxd8 27. Ne4 Bc6 28. g3 Bb8 29. Nfd2 Rd4 30. f3 Rxb4
31. Kf2 Kf8 32. h4 Ke7 33. Rc1 Bb7 34. Nc3 Rb2 35. Ke3 Bxg3 36. Rg1 Be5 37. Kd3 Ba6+
0-1

[Event "2017 Standard Chess Dropout Tournament, Round 2"]
[Site "SchemingMind.com"]
[Date "2017.05.01"]
[Round "2"]
[White "maro"]
[Black "chesshub"]
[Result "0-1"]
[WhiteCountry "MEX"]
[BlackCountry "FRA"]
[WhiteElo "1347"]
[WhiteRD "72"]
[BlackElo "2627"]
[BlackRD "81"]
[GameID "413502"]

1. d4 Nf6 2. c4 e6 3. Nf3 b6 4. a3 Bb7 5. e3 d5 6. cxd5 exd5 7. Ne5 Bd6 8. Bd3 Qe7 9. Qa4+ Nbd7 10. Nc6 Qe6
11. Ba6 Bxc6 12. Qxc6 Bb4+ 13. axb4 Qxc6 14. O-O Qd6 15. Bd2 Ng4 16. g3 h5 17. Be2 Ndf6 18. f3 Nxh2 19. Kxh2 h4 20. Kg2 Qxg3+
21. Kh1 Rh6 22. Bd3 Ne4 23. fxe4 Rg6 24. Bb5+ Kd8
0-1

[Event "2017 Standard Chess Dropout Tournament, Round 2"]
[Site "SchemingMind.com"]
[Date "2017.05.06"]
[Round "2"]
[White "Mekk"]
[Black "Yos"]
[Result "0-1"]
[WhiteCountry "POL"]
[BlackCountry "INA"]
[WhiteElo "1841"]
[WhiteRD "96"]
[BlackElo "2547"]
[BlackRD "97"]
[GameID "413503"]

1. c4 c5 2. g3 Nc6 3. Bg2 g6 4. Nc3 Bg7 5. Nf3 d6 6. O-O Rb8 7. a3 e6 8. Rb1 a6 9. b4 Nge7 10. b5 axb5
11. cxb5 Nd4 12. e3 Nxf3+ 13. Qxf3 b6 14. Ne4 Bb7 15. Qe2 d5 16. Nc3 O-O 17. Bb2 Nf5 18. Rfc1 d4 19. Nd1 Bxg2 20. Kxg2 Ra8
21. e4 Nd6 22. d3 f5 23. exf5 exf5 24. f4 Re8 25. Qf3 Nxb5 26. Nf2 Nc3 27. Bxc3 dxc3 28. Rb3 Ra7 29. Nd1 Re1 30. Rc2 Rxd1
31. Qxd1 Qd5+
0-1

[Event "2017 Standard Chess Dropout Tournament, Round 2"]
[Site "SchemingMind.com"]
[Date "2017.05.06"]
[Round "2"]
[White "MichaelG"]
[Black "Mike Winslow"]
[Result "1-0"]
[WhiteCountry "GER"]
[BlackCountry "USA"]
[WhiteElo "1921"]
[WhiteRD "84"]
[BlackElo "1917"]
[BlackRD "92"]
[GameID "413504"]

1. d4 Nf6 2. Nf3 e6 3. c4 c5 4. d5 exd5 5. cxd5 d6 6. Nc3 g6 7. Bf4 a6 8. a4 Qe7 9. h3 Nbd7 10. e3 Bg7
11. Be2 Ne4 12. Nxe4 Qxe4 13. Rb1 Ne5 14. O-O O-O 15. Nxe5 dxe5 16. f3 Qb4 17. Bg3 Bd7 18. Be1 Qb6 19. a5 Qa7 20. e4 Rfd8
21. Bf2 Bf8 22. b4 Rac8 23. Qd2 Bb5 24. Rfc1 b6 25. axb6 Qxb6 26. Kh1 Rd7 27. bxc5 Bxc5 28. Bxc5 Rxc5 29. Rxc5 Qxc5 30. Bxb5 axb5
31. Qa5 Rc7 32. Qxb5 Kg7 33. Qxc5 Rxc5 34. Rb2 Rc1+ 35. Kh2 Rd1 36. Kg3 g5 37. h4 h6 38. hxg5 hxg5 39. Kf2 Kg6 40. Ke2 Rg1
41. Rd2 Rxg2+ 42. Ke3 Rg3 43. d6
1-0

[Event "2017 Standard Chess Dropout Tournament, Round 2"]
[Site "SchemingMind.com"]
[Date "2017.05.03"]
[Round "2"]
[White "Michal Drus"]
[Black "emvarela"]
[Result "0-1"]
[WhiteCountry "POL"]
[BlackCountry "ARG"]
[WhiteElo "1231"]
[WhiteRD "89"]
[BlackElo "1913"]
[BlackRD "56"]
[GameID "413505"]

1. e4 e5 2. Nf3 Nc6 3. Bc4 Bc5 4. d3 Nf6 5. c3 d6 6. b4 Bb6 7. a4 a5 8. Bb5 Bd7 9. Ba3 Na7 10. bxa5 Bxa5
11. Bb4 Bxb4 12. Bxd7+ Qxd7 13. cxb4 O-O 14. Nc3 Nc6 15. Nd5 Nxd5 16. b5 Nc3 17. Qc1 Nxa4 18. bxc6 Qxc6 19. Qxc6 bxc6 20. O-O Nb6
21. h4 Rxa1 22. Rxa1 Ra8 23. Rxa8+ Nxa8 24. g4 f6 25. Kg2 d5 26. Nd2 Nb6 27. Nb3 Kf7 28. Nc5 dxe4 29. dxe4 Ke7 30. Kg3 Nd7
31. Nd3 c5 32. f3 c4 33. Nb4 Kd6 34. f4 exf4+ 35. Kxf4 c3 36. Ke3 c5 37. Nc2 Ne5 38. h5 Nxg4+ 39. Kd3 Nf2+ 40. Kxc3 Nxe4+
0-1

[Event "2017 Standard Chess Dropout Tournament, Round 2"]
[Site "SchemingMind.com"]
[Date "2017.05.01"]
[Round "2"]
[White "michel"]
[Black "Stephen Woodhouse"]
[Result "1-0"]
[WhiteCountry "CAN"]
[BlackCountry "ENG"]
[WhiteElo "2344"]
[WhiteRD "72"]
[BlackElo "1846"]
[BlackRD "61"]
[GameID "413506"]

1. e4 e6 2. d3 d5 3. Nd2 Nf6 4. Ngf3 c5 5. Be2 Nc6 6. O-O Be7 7. c3 O-O 8. Re1 b5 9. exd5 exd5 10. a4 b4
11. d4 bxc3 12. bxc3 cxd4 13. cxd4 Bg4 14. h3 Bh5 15. Ba3 Bxa3 16. Rxa3 Ne4 17. Nxe4 dxe4 18. Ne5 Bxe2 19. Qxe2 Nxd4 20. Qxe4 Ne6
21. Nxf7 Qf6 22. Rf3 Qe7 23. Qd5 Rxf7 24. Qxa8+
1-0

[Event "2017 Standard Chess Dropout Tournament, Round 2"]
[Site "SchemingMind.com"]
[Date "2017.05.02"]
[Round "2"]
[White "NYNH"]
[Black "John Hamer"]
[Result "1/2-1/2"]
[WhiteCountry "USA"]
[BlackCountry "ENG"]
[WhiteElo "2073"]
[WhiteRD "95"]
[BlackElo "1983"]
[BlackRD "63"]
[GameID "413507"]

1. d4 Nf6 2. c4 c6 3. Nf3 d5 4. e3 Bf5 5. Nc3 e6 6. Nh4 Bg6 7. Nxg6 hxg6 8. Bd3 Nbd7 9. O-O Be7 10. Bd2 O-O
11. Qc2 dxc4 12. Bxc4 c5 13. dxc5 Nxc5 14. Rad1 Rc8 15. e4 Qc7 16. b3 Rfd8 17. Rfe1 Bd6 18. g3 a6 19. Qb1 Be5 20. f4 Bd4+
21. Kg2 b5 22. Bf1 Qb7 23. Be2 b4=
1/2-1/2

[Event "2017 Standard Chess Dropout Tournament, Round 2"]
[Site "SchemingMind.com"]
[Date "2017.05.06"]
[Round "2"]
[White "Phil28"]
[Black "Russell Sherwood"]
[Result "0-1"]
[WhiteCountry "ENG"]
[BlackCountry "WLS"]
[WhiteElo "2229"]
[WhiteRD "131"]
[BlackElo "2238"]
[BlackRD "116"]
[GameID "413508"]

1. c4 e5 2. Nc3 Nf6 3. Nf3 Nc6 4. g3 Bb4 5. Bg2 O-O 6. O-O e4 7. Ng5 Bxc3 8. dxc3 Re8 9. Qc2 Qe7 10. Nh3 Ne5
11. b3 d6 12. Nf4 Ng6 13. Nd5 Nxd5 14. cxd5 Qe5 15. Rd1 Bg4 16. h3 Bd7 17. Rd4 f5 18. h4 Qf6 19. Bg5 Qf7 20. c4 h6
21. Bd2 Ne5 22. Qb2 Qh5 23. Re1 g5 24. hxg5 hxg5 25. Qc1 f4 26. gxf4 Ng4 27. f3 Qh2+ 28. Kf1 Nf6 29. f5 Bxf5 30. Bxg5 Nh5
31. Qe3 Ng3+ 32. Kf2 Bh3 33. Rg1 exf3 34. Be7 Nh1+ 35. Ke1 Qxg1+ 36. Qxg1 f2+ 37. Qxf2 Nxf2 38. Kxf2 Bxg2 39. Rg4+ Kf7 40. Bxd6 cxd6
41. Rxg2 Rg8 42. Rh2 Rh8 43. Rg2 Rag8
0-1

[Event "2017 Standard Chess Dropout Tournament, Round 2"]
[Site "SchemingMind.com"]
[Date "2017.05.02"]
[Round "2"]
[White "Dan Geana"]
[Black "William Lindberg"]
[Result "1/2-1/2"]
[WhiteCountry "ROU"]
[BlackCountry "USA"]
[WhiteElo "2540"]
[WhiteRD "114"]
[BlackElo "2387"]
[BlackRD "79"]
[GameID "413509"]

1. e4 e6 2. d4 d5 3. Nd2 c5 4. exd5 exd5 5. Ngf3 Nf6 6. Bb5+ Bd7 7. Bxd7+ Nbxd7 8. O-O Be7 9. dxc5 Nxc5 10. Nb3 Nce4
11. Nfd4 Nd6 12. Re1 O-O 13. Bg5 h6 14. Bh4 Re8 15. c3 Nfe4 16. Bxe7 Rxe7 17. f3 Nf6 18. Nc1 Rxe1+ 19. Qxe1 Qb6 20. Qf2 Qa6
21. a4 Re8 22. Nce2 Nc4 23. Ng3 Qa5 24. Rd1 Ne5 25. Qc2 g6 26. b3 Kg7 27. Nge2 Qc7 28. g3 Qc5 29. Kg2 Nc6 30. Rd2 Re3
31. Qd1 Nxd4 32. Rxd4 Qe7 33. Kf2 Re5 34. Rd2 Qc5+ 35. Kg2 a6 36. b4 Qc4 37. Qc2 b6 38. Kf2 a5 39. Rd4 Qc6 40. b5 Qc7
41. h3 Re8 42. Qd2 Qe7 43. g4 Qd6 44. Ng3 Qc5 45. h4 Re5 46. Kg2 Qe7 47. h5 Qe6 48. hxg6 fxg6 49. Kf2 Qe7 50. Qc1 Re6
51. Qd2 Re5 52. c4 Qc5 53. cxd5 Rxd5 54. Ne2 h5 55. gxh5 Rxh5 56. Kg2 Kf7 57. Ng3 Rg5 58. Qa2+ Kg7 59. Qd2 Kh7 60. Rh4+ Kg8
61. Qd8+ Kf7 62. Qb8 Nh5 63. Rg4 Nxg3 64. Rxg5 Qxg5 65. Qc7+ Kg8 66. Qxg3 Qd2+ 67. Kh3 Qh6+ 68. Kg2 Qd2+ 69. Kh3=
1/2-1/2

[Event "2017 Standard Chess Dropout Tournament, Round 2"]
[Site "SchemingMind.com"]
[Date "2017.05.01"]
[Round "2"]
[White "PION4290"]
[Black "Trevor Brotherton"]
[Result "0-1"]
[WhiteCountry "CAN"]
[BlackCountry "ENG"]
[WhiteElo "1691"]
[WhiteRD "79"]
[BlackElo "2482"]
[BlackRD "88"]
[GameID "413510"]

1. d4 d5 2. c4 e6 3. c5 Nf6 4. Nc3 b6 5. b4 a5 6. Ba3 axb4 7. Bxb4 Na6 8. a3 bxc5 9. dxc5 Bxc5 10. e3 Nxb4
11. axb4 Bxb4 12. Ne2 Rxa1 13. Qxa1 O-O 14. Qa4 c5 15. g3 Ne4 16. Qb3 Qa5 17. Bg2 Bxc3+ 18. Kd1 Be1 19. Qc2 Nxf2+ 20. Kc1 Qa3+
21. Kb1 Ba6 22. Qb2 Bd3+ 23. Kc1 Rb8
0-1

[Event "2017 Standard Chess Dropout Tournament, Round 2"]
[Site "SchemingMind.com"]
[Date "2017.05.06"]
[Round "2"]
[White "pnwmusichound"]
[Black "echecs"]
[Result "1/2-1/2"]
[WhiteCountry "USA"]
[BlackCountry "ENG"]
[WhiteElo "1849"]
[WhiteRD "89"]
[BlackElo "1806"]
[BlackRD "71"]
[GameID "413512"]

1. c4 c5 2. Nf3 Nf6 3. g3 g6 4. Bg2 Bg7 5. d4 cxd4 6. Nxd4 Nc6 7. O-O O-O 8. Nc3 a6 9. c5 Qa5 10. Nb3 Qc7
11. e4 Rd8 12. Nd5 Nxd5 13. exd5 Na7 14. Qe2 d6 15. Bf4 Qd7 16. Rac1 Rb8 17. Na5 Bf6 18. c6 bxc6 19. dxc6 Qc7 20. Nb7 Rf8
21. a4 Nxc6 22. Rxc6 Qxb7 23. Rxd6 Qxb2 24. Rd2 Qb4 25. Bxb8 Qxb8 26. Rfd1 Qb6 27. h4 h5 28. Bf3 Qb4 29. Rd8 e5 30. Rxf8+ Kxf8
31. Qa2 e4 32. Rb1 Qd4 33. Bxe4 Qxe4 34. Rb8 Qc6 35. a5 Kg7 36. Rb6 Qe4 37. Qb1 Qd5 38. Kh2 Qxa5 39. Qb3 Qc5 40. Kg2 Bf5
41. Rxa6 Be4+ 42. f3 Bd5 43. Qa4 Qc3 44. Qd1 Qb2+ 45. Kh3 Be6+ 46. Rxe6 fxe6 47. Qd7+ Kh6 48. Qxe6 Qe5 49. Qxe5 Bxe5 50. g4=
1/2-1/2

[Event "2017 Standard Chess Dropout Tournament, Round 2"]
[Site "SchemingMind.com"]
[Date "2017.05.01"]
[Round "2"]
[White "private napoleon"]
[Black "Robert Bruce"]
[Result "0-1"]
[WhiteCountry "ENG"]
[BlackCountry "SCO"]
[WhiteElo "1747"]
[WhiteRD "92"]
[BlackElo "2353"]
[BlackRD "75"]
[GameID "413513"]

1. e4 c6 2. d4 d5 3. e5 Bf5 4. Nf3 e6 5. Bd3 Bg6 6. O-O Nd7 7. c3 Be7 8. Bf4 Qb6 9. Qc2 Bxd3 10. Qxd3 Qxb2
11. Nbd2 Qa3 12. Rfb1 Nb6 13. h3 h6 14. Rb3 Qa4 15. Qc2 c5 16. Rab1 c4 17. R3b2 Ba3 18. Rb5 Qxc2
0-1

[Event "2017 Standard Chess Dropout Tournament, Round 2"]
[Site "SchemingMind.com"]
[Date "2017.05.06"]
[Round "2"]
[White "Quaff"]
[Black "bmariusz"]
[Result "0-1"]
[WhiteCountry "ENG"]
[BlackCountry "POL"]
[WhiteElo "1564"]
[WhiteRD "61"]
[BlackElo "1563"]
[BlackRD "86"]
[GameID "413514"]

1. e4 e5 2. Nf3 Nc6 3. Bc4 h6 4. c3 Nf6 5. d3 g5 6. h3 g4 7. hxg4 Nxg4 8. Bd2 Bc5 9. Rf1 Qf6 10. Qe2 Bxf2+
11. Rxf2 Nxf2 12. Kxf2 Na5 13. Bb3 d6 14. Na3 Nxb3 15. axb3 a6 16. Rf1 Bg4 17. Ke1 O-O-O 18. Qe3 Kb8 19. Kd1 Qg7 20. Kc2 Be6
21. Rg1 f6 22. c4 f5 23. b4 c6 24. Qb6 fxe4 25. dxe4 Qh7 26. Kd3 d5 27. cxd5 Bxd5 28. Kc3 Qxe4 29. Re1 Qg4 30. Nxe5 Qg3+
31. Re3 Qxg2 32. Nac4 Qg7 33. Kb3 Rhg8 34. Ka4 Qc7 35. Qxc7+ Kxc7 36. Ka3 Rg1 37. Bc3 Ra1+ 38. Kb3 b5 39. Kc2 bxc4 40. Rh3 Be4+
0-1

[Event "2017 Standard Chess Dropout Tournament, Round 2"]
[Site "SchemingMind.com"]
[Date "2017.05.01"]
[Round "2"]
[White "Ragged Rook"]
[Black "Wojciech  Langer"]
[Result "1-0"]
[WhiteCountry "ENG"]
[BlackCountry "INT"]
[WhiteElo "1924"]
[WhiteRD "99"]
[BlackElo "1673"]
[BlackRD "84"]
[GameID "413515"]

1. Nf3 d5 2. g3 Nf6 3. Bg2 e6 4. O-O Be7 5. d3 O-O 6. Nbd2 c5 7. e4 Re8 8. e5 Nfd7 9. Re1 f6 10. exf6 Bxf6
11. Nf1 Nc6 12. Ne3 b6 13. c4 Rb8 14. cxd5 exd5 15. Nxd5 Nd4 16. Rxe8+ Qxe8 17. Nxf6+ Nxf6 18. Nxd4 cxd4 19. Bf4 Bg4 20. f3 Bxf3
21. Bxf3
1-0

[Event "2017 Standard Chess Dropout Tournament, Round 2"]
[Site "SchemingMind.com"]
[Date "2017.05.01"]
[Round "2"]
[White "roscoe"]
[Black "Henk Miedema"]
[Result "1-0"]
[WhiteCountry "USA"]
[BlackCountry "NED"]
[WhiteElo "1335"]
[WhiteRD "85"]
[BlackElo "975"]
[BlackRD "62"]
[GameID "413516"]

1. Nf3 d5 2. d4 e6 3. Nbd2 Nf6 4. h3 Bd6 5. c4 O-O 6. c5 Be7 7. e3 Nc6 8. Bd3 Nb4 9. Bc2 Bd7 10. a3 Bb5
11. a4 Nh5 12. axb5 Qd7 13. Ne5 Qxb5 14. Ba4 Qa6 15. c6 Bh4 16. Ndf3 Nd3+ 17. Nxd3 b6 18. O-O Qc8= 19. Nxh4 Qd8 20. Qxh5 Qe7
21. Ne5 Rab8 22. Nd7 Rbd8 23. Nxf8 Qxf8 24. Bc2 Rd6 25. Qxh7#
1-0

[Event "2017 Standard Chess Dropout Tournament, Round 2"]
[Site "SchemingMind.com"]
[Date "2017.05.01"]
[Round "2"]
[White "Rudi Ratlos"]
[Black "white bishop"]
[Result "0-1"]
[WhiteCountry "GER"]
[BlackCountry "PHI"]
[WhiteElo "2084"]
[WhiteRD "110"]
[BlackElo "2180"]
[BlackRD "100"]
[GameID "413517"]

1. c4 g6 2. g3 c5 3. Bg2 Bg7 4. Nc3 Nc6 5. Nf3 e6 6. O-O d6 7. Rb1 Nge7 8. a3 O-O 9. b4 b6 10. Ne1 Bb7
11. Nc2 Rb8 12. e3 cxb4 13. axb4 Ne5 14. Qe2 Bxg2 15. Kxg2 Qc7 16. Na3 Qc6+ 17. f3 Rfc8 18. Ncb5 Qd7 19. d3 a6 20. Nd4 a5
21. Bd2 d5 22. Rfc1 dxc4 23. dxc4 a4 24. Bc3 Nf5 25. Rd1 Qe7 26. Ndb5 Nxc4 27. Nxc4 Rxc4 28. e4 Bxc3 29. exf5 Rc6 30. Nxc3 Rxc3
31. Rd2 gxf5 32. Rbd1 Qf6 33. Qb5 a3 34. Ra2 Rd8 35. Rdd2 Rxd2+ 36. Rxd2 Rb3 37. Qd7 Kg7 38. h4 Rb2 39. Kh3 a2 40. Rxb2 a1=Q
0-1

[Event "2017 Standard Chess Dropout Tournament, Round 2"]
[Site "SchemingMind.com"]
[Date "2017.05.02"]
[Round "2"]
[White "Russell Sherwood"]
[Black "Diadoco"]
[Result "1-0"]
[WhiteCountry "WLS"]
[BlackCountry "MEX"]
[WhiteElo "2197"]
[WhiteRD "109"]
[BlackElo "1986"]
[BlackRD "92"]
[GameID "413518"]

1. e4 c5 2. Nf3 d6 3. d4 cxd4 4. Nxd4 Nf6 5. Nc3 a6 6. Be3 e5 7. Nb3 Be6 8. f3 h5 9. Nd5 Bxd5 10. exd5 Nbd7
11. Qd2 g6 12. O-O-O Nb6 13. Qa5 Bh6 14. Bxh6 Rxh6 15. g3 h4 16. g4 g5 17. Kb1 Rc8 18. Be2 Qc7 19. Rhe1 Qxc2+ 20. Ka1 Qc7
21. f4 exf4 22. Rc1 Qd8 23. Rxc8 Qxc8 24. Bf3+ Kf8 25. Qxb6 Qd7 26. h3
1-0

[Event "2017 Standard Chess Dropout Tournament, Round 2"]
[Site "SchemingMind.com"]
[Date "2017.05.03"]
[Round "2"]
[White "sbb"]
[Black "Rudi Ratlos"]
[Result "1-0"]
[WhiteCountry "USA"]
[BlackCountry "GER"]
[WhiteElo "2479"]
[WhiteRD "104"]
[BlackElo "2084"]
[BlackRD "110"]
[GameID "413519"]

1. d4 d6 2. g3 e5 3. dxe5 dxe5 4. Qxd8+ Kxd8 5. Nc3 c6 6. f4 Bd6 7. Ne4 Bc7 8. fxe5 Bxe5 9. Nf3 Bc7 10. Bg5+ f6
11. Be3 Na6 12. O-O-O+ Ke7 13. Bg2 Nh6 14. Bxh6 gxh6 15. Nd4 Nb4 16. c3 Nd5 17. Rd3 Rg8 18. Nf2 Kf7 19. Be4 Rd8 20. Bxh7 Ne7
21. Rf3 Be5 22. Nb3 Ng6 23. Rf1 Kg7 24. Bxg6 Kxg6 25. Nd3 Bh3 26. Nxe5+ fxe5 27. R1f2 Rd6 28. Nc5 Rad8 29. Ne4 R6d7 30. g4 Bxg4
31. Rg2
1-0

[Event "2017 Standard Chess Dropout Tournament, Round 2"]
[Site "SchemingMind.com"]
[Date "2017.05.02"]
[Round "2"]
[White "Shanks"]
[Black "Quaff"]
[Result "0-1"]
[WhiteCountry "ENG"]
[BlackCountry "ENG"]
[WhiteElo "1288"]
[WhiteRD "67"]
[BlackElo "1651"]
[BlackRD "63"]
[GameID "413520"]

1. d4 c6 2. Nc3 d5 3. Nf3 h6 4. h3 Nf6 5. e3 e6 6. Be2 Be7 7. Bd2 Nbd7 8. O-O Nh7 9. a3 O-O 10. Qc1 f5
11. Ne5 Nxe5 12. dxe5 Qc7 13. f4 b5 14. Nd1 a5 15. c3 a4 16. Nf2 Bd7 17. Nh1 Be8 18. Ng3 Bh4 19. Nh1 Bg6 20. Qd1 Qf7
21. Rc1 Be7 22. Be1 Qe8 23. h4 Qd8 24. h5 Bf7 25. Nf2 Bh4 26. Bd2 Bg3 27. Nd3 Qh4 28. Rf3 Qh2+
0-1

[Event "2017 Standard Chess Dropout Tournament, Round 2"]
[Site "SchemingMind.com"]
[Date "2017.05.06"]
[Round "2"]
[White "simon_w"]
[Black "sbb"]
[Result "0-1"]
[WhiteCountry "IRL"]
[BlackCountry "USA"]
[WhiteElo "1884"]
[WhiteRD "107"]
[BlackElo "2472"]
[BlackRD "101"]
[GameID "413521"]

1. e4 d6 2. d4 Nf6 3. Nc3 c6 4. Nf3 Bg4 5. Be2 e6 6. Be3 d5 7. exd5 cxd5 8. O-O Nc6 9. a3 Bd6 10. Qd2 Rc8
11. Rac1 a6 12. h3 Bh5 13. Nh2 Qc7 14. f4 Bxe2 15. Qxe2 h5 16. Rcd1 Ne7 17. Nf3 Nf5 18. Bf2 Bxa3 19. Nxd5 Nxd5 20. bxa3 Nc3
0-1

[Event "2017 Standard Chess Dropout Tournament, Round 2"]
[Site "SchemingMind.com"]
[Date "2017.05.06"]
[Round "2"]
[White "Adrian Grajczak"]
[Black "Phil28"]
[Result "0-1"]
[WhiteCountry "POL"]
[BlackCountry "ENG"]
[WhiteElo "1878"]
[WhiteRD "99"]
[BlackElo "2283"]
[BlackRD "135"]
[GameID "413522"]

1. e4 e6 2. d3 d5 3. Nd2 Nf6 4. Ngf3 c5 5. g3 Nc6 6. Bg2 g6 7. O-O Bg7 8. Re1 O-O 9. Nh4 a5 10. f4 e5
11. f5 dxe4 12. dxe4 g5 13. Nhf3 g4 14. Nh4 b5 15. c3 a4 16. Qc2 Ba6 17. Nf1 b4 18. Rd1 Qa5 19. Be3 a3 20. cxb4 Nxb4
21. Qc3 axb2 22. Qxb2 Rfc8 23. Qxe5 Nd3 24. Rxd3 Bxd3 25. Qf4 Bxe4 26. Bxe4 Nxe4 27. Qxe4 Bxa1 28. Qxg4+ Kh8 29. Nf3 Qxa2 30. Qh5 Qe2
31. Bg5 Bd4+
0-1

[Event "2017 Standard Chess Dropout Tournament, Round 2"]
[Site "SchemingMind.com"]
[Date "2017.05.02"]
[Round "2"]
[White "smothered mate"]
[Black "Abstract Actuary"]
[Result "1-0"]
[WhiteCountry "POL"]
[BlackCountry "USA"]
[WhiteElo "1995"]
[WhiteRD "66"]
[BlackElo "1810"]
[BlackRD "70"]
[GameID "413523"]

1. e4 d6 2. f4 Nf6 3. Nc3 g6 4. Nf3 Bg7 5. Bc4 c5 6. O-O Nc6 7. e5 dxe5 8. fxe5 Nxe5 9. Nxe5 Qd4+ 10. Kh1 Qxe5
11. Qf3 O-O 12. d3 a6 13. a4 Qc7 14. Bf4 Qb6 15. a5 Qxb2 16. Bd2 Qxc2 17. Ra2 Qxa2 18. Nxa2 e5 19. Bg5 Nh5 20. Be7
1-0

[Event "2017 Standard Chess Dropout Tournament, Round 2"]
[Site "SchemingMind.com"]
[Date "2017.05.04"]
[Round "2"]
[White "Stephen Woodhouse"]
[Black "flammablepawn"]
[Result "1-0"]
[WhiteCountry "ENG"]
[BlackCountry "USA"]
[WhiteElo "1904"]
[WhiteRD "62"]
[BlackElo "1839"]
[BlackRD "121"]
[GameID "413524"]

1. e4 e6 2. d4 d5 3. Nd2 Nf6 4. e5 Nfd7 5. Bd3 c5 6. c3 Nc6 7. Ne2 Qb6 8. Nf3 cxd4 9. cxd4 Bb4+ 10. Bd2 Bxd2+
11. Qxd2 Qb4 12. a3 Qxd2+ 13. Kxd2 Nb6 14. Bb5 Bd7 15. Bxc6 bxc6 16. Rhc1 Rc8 17. b3 Ke7 18. Rc5 Rc7 19. Rac1 Rhc8 20. Nc3 a6
21. Kd3 f6 22. Na2 h6 23. Ra5 Ra8 24. Nb4 Bc8 25. Rac5 Kd7 26. Nxc6 Bb7 27. Nb8+
1-0

[Event "2017 Standard Chess Dropout Tournament, Round 2"]
[Site "SchemingMind.com"]
[Date "2017.05.04"]
[Round "2"]
[White "surfnsuds"]
[Black "Simon Green"]
[Result "1-0"]
[WhiteCountry "USA"]
[BlackCountry "ENG"]
[WhiteElo "1419"]
[WhiteRD "80"]
[BlackElo "1600"]
[BlackRD "63"]
[GameID "413525"]

1. d4 e6 2. e4 d5 3. Nc3 Nf6 4. e5 Nfd7 5. f4 c5 6. Be3 c4 7. Nf3 a6 8. b3 b5 9. a4 b4 10. Ne2 c3
11. Ng3 a5 12. f5 Nc6 13. Bb5 Qb6 14. Qd3 Ba6 15. Bxa6 Rxa6 16. O-O Ne7 17. Ng5 exf5 18. Nxf5 h6 19. Nf3 Nxf5 20. Qxf5 Qe6
21. Qxe6+ Rxe6 22. Nh4 Be7 23. Nf5 h5 24. Nxg7+
1-0

[Event "2017 Standard Chess Dropout Tournament, Round 2"]
[Site "SchemingMind.com"]
[Date "2017.05.02"]
[Round "2"]
[White "thefriediceman"]
[Black "smothered mate"]
[Result "0-1"]
[WhiteCountry "USA"]
[BlackCountry "POL"]
[WhiteElo "1886"]
[WhiteRD "117"]
[BlackElo "2076"]
[BlackRD "77"]
[GameID "413526"]

1. e4 e6 2. Nc3 c5 3. g3 d5 4. Bg2 Nf6 5. d3 d4 6. Nce2 Nc6 7. f4 h5 8. Nf3 h4 9. Nxh4 Rxh4 10. gxh4 Ng4
11. O-O Qxh4 12. h3 Ne3 13. Bxe3 dxe3 14. c3 g5 15. Qc1 Bh6 16. Qxe3 gxf4 17. Qxc5 e5 18. Qf2 Qh5 19. Kh2 Bg5 20. d4 Bg4
21. Ng1 Bh4 22. Qd2 O-O-O 23. Bf3 f5 24. exf5 Bg3+ 25. Kg2 Bxf3+ 26. Rxf3 Qxf5 27. Raf1 Qg5 28. Kh1 Rg8 29. d5 Ne7 30. c4 e4
31. Rb3 Bh4 32. Qh2 Nf5 33. Ne2 f3 34. Rbxf3 exf3 35. Rxf3 Qe7 36. Qf4 Qxe2 37. Qxf5+ Kd8
0-1

[Event "2017 Standard Chess Dropout Tournament, Round 2"]
[Site "SchemingMind.com"]
[Date "2017.05.06"]
[Round "2"]
[White "Trevor Brotherton"]
[Black "Marco_M"]
[Result "1-0"]
[WhiteCountry "ENG"]
[BlackCountry "ITA"]
[WhiteElo "2524"]
[WhiteRD "81"]
[BlackElo "2137"]
[BlackRD "105"]
[GameID "413527"]

1. Nf3 Nf6 2. c4 e6 3. g3 b6 4. Bg2 Bb7 5. d4 Be7 6. O-O O-O 7. Bf4 d5 8. Ne5 Nbd7 9. Nc3 c6 10. Rc1 Rc8
11. e4 Ba6 12. exd5 cxd5 13. Re1 Bb7 14. Nb5 a6 15. Na7 Ra8 16. Nac6 Qe8 17. cxd5
1-0

[Event "2017 Standard Chess Dropout Tournament, Round 2"]
[Site "SchemingMind.com"]
[Date "2017.05.02"]
[Round "2"]
[White "Wojciech  Langer"]
[Black "Brian Pott"]
[Result "0-1"]
[WhiteCountry "INT"]
[BlackCountry "AUS"]
[WhiteElo "1673"]
[WhiteRD "84"]
[BlackElo "2266"]
[BlackRD "89"]
[GameID "413529"]

1. Nf3 Nf6 2. g3 g6 3. Bg2 Bg7 4. O-O O-O 5. Re1 d6 6. d3 Nc6 7. Nc3 e5 8. e4 h6 9. h3 Be6 10. Be3 Qd7
11. Qd2 Kh7 12. a3 Bxh3 13. b4 Bxg2 14. Kxg2 Ng4 15. Rab1 f5 16. exf5 Rxf5 17. Nh4 Rf7 18. f3 Nxe3+ 19. Rxe3 g5 20. b5 Nd4
21. a4 gxh4 22. gxh4 Rg8 23. Ne2 Bf6+ 24. Ng3 Bxh4
0-1